LEADER 01277nam 2200337z- 450 001 9910689626503321 005 20130410094233.0 035 $a(CKB)5860000000025589 035 $a(BIP)033787931 035 $a(EXLCZ)995860000000025589 100 $a20220406c2003uuuu -u- - 101 0 $aeng 200 10$aH.R. 1835, "National Security Readiness Act" $elegislative hearing before the Committee on Resources, U.S. House of Representatives, One Hundred Eighth Congress, first session, Tuesday, May 6, 2003 215 $a1 online resource (iv, 167 p.) $cill 311 $a0-16-071041-3 517 $aH.R. 1835, National Security Readiness Act 606 $aEndangered species$xLaw and legislation$zUnited States 606 $aHabitat conservation$xLaw and legislation$zUnited States 606 $aMilitary bases$zUnited States$xManagement 610 $aEndangered species 610 $aMilitary bases 610 $aNature conservation 610 $aNature 610 $aHistory 615 0$aEndangered species$xLaw and legislation 615 0$aHabitat conservation$xLaw and legislation 615 0$aMilitary bases$xManagement. 906 $aBOOK 912 $a9910689626503321 996 $aH.R. 1835, "National Security Readiness Act"$93179127 997 $aUNINA LEADER 02341oas 2200793 a 450 001 9910145324303321 005 20260218110042.0 011 $a1981-8920 035 $a(DE-599)ZDB2401609-3 035 $a(OCoLC)319550327 035 $a(CONSER) 2009263428 035 $a(CKB)1000000000397986 035 $a(DE-599)2401609-3 035 $a(EXLCZ)991000000000397986 100 $a20090428a19969999 sy 101 0 $apor 135 $aurun||||||||| 181 $ctxt$2rdacontent 182 $cc$2rdamedia 183 $acr$2rdacarrier 200 00$aInformac?a?o & informac?a?o 210 $aLondrina, Brasil $cDepartamento de Cie?ncia da Informac?a?o, Universidade Estadual de Londrina$d[1996]- 215 $a1 online resource 300 $a"Revista do Departamento de Cie?ncia da Informac?a?o, Universidade Estadual de Londrina." 311 08$a1414-2139 517 1 $aInformac?a?o e informac?a?o 517 1 $aRevista informac?a?o e informac?a?o 606 $aLibrary science$vPeriodicals 606 $aLibrary science$zBrazil$vPeriodicals 606 $aInformation science$vPeriodicals 606 $aInformation science$zBrazil$vPeriodicals 606 $aInformation science$2fast$3(OCoLC)fst00972640 606 $aLibrary science$2fast$3(OCoLC)fst00997916 607 $aBrazil$2fast$1https://id.oclc.org/worldcat/entity/E39QbtfRB9KGtqfkFTFbfB77QY 608 $aPeriodicals.$2fast 615 0$aLibrary science 615 0$aLibrary science 615 0$aInformation science 615 0$aInformation science 615 7$aInformation science. 615 7$aLibrary science. 712 02$aUniversidade Estadual de Londrina.$bDepartamento de Cie?ncia da Informac?a?o. 801 0$bOCLCS 801 1$bOCLCS 801 2$bOCLCS 801 2$bTXA 801 2$bOCLCQ 801 2$bAU@ 801 2$bDEBBG 801 2$bOCLCA 801 2$bOCLCQ 801 2$bGWDNB 801 2$bHEBIS 801 2$bGBVCP 801 2$bOCLCQ 801 2$bOCLCO 801 2$bOCLCF 801 2$bCUS 801 2$bOCLCO 801 2$bOCLCQ 801 2$bOCLCA 801 2$bSRU 801 2$bOCLCQ 801 2$bOCLCL 801 2$bOCLCQ 906 $aJOURNAL 912 $a9910145324303321 996 $aInformação & informação$92014794 997 $aUNINA